LIBRARY & INFORMATION CENTRE, KCAET, TAVANUR

ONLINE PUBLIC ACCESS CATALOGUE (OPAC)

Development and evaluation of a vertical farming structure (Record no. 14975)

MARC details
000 -LEADER
fixed length control field 00694nam a22001817a 4500
003 - CONTROL NUMBER IDENTIFIER
control field OSt
088 ## - REPORT NUMBER
Report number P 327
100 ## - MAIN ENTRY--AUTHOR NAME
Personal name AKHILA TOM THEKKANADY
-- SHAHEEMATH SUHARA K.K
-- VIDHYA C
245 ## - TITLE STATEMENT
Title Development and evaluation of a vertical farming structure
260 ## - PUBLICATION, DISTRIBUTION, ETC. (IMPRINT)
Place of publication Tavanur 2016
Name of publisher Department of Land & Water Resources and Conservation Engineering
300 ## - PHYSICAL DESCRIPTION
Number of Pages 67
500 ## - GENERAL NOTE
General note Development and evaluation of a vertical farming structure
520 ## - SUMMARY, ETC.
Summary, etc Development and evaluation of a vertical farming structure
700 ## - ADDED ENTRY--PERSONAL NAME
Personal name Er. Priya G. Nair (Guide)
856 ## - ELECTRONIC LOCATION AND ACCESS
Uniform Resource Identifier https://drive.google.com/open?id=1Ssz-NDHIDuSgm40_zfwAobdJeDJoI_Bp
942 ## - ADDED ENTRY ELEMENTS (KOHA)
Koha item type Project Report
Holdings
Collection code Home library Current library Shelving location Full call number Accession Number Koha item type
Reference KAUAET KAUAET Reference 631.75 807 AKH/DE P 327 Project Report
free website counter